[Event "Stay Safe Play From Home 289"]
[Site "Emanuel Lasker Arena"]
[Date "2020.07.09"]
[Round "1"]
[White "Eidgenosse"]
[Black "Haris kollari 13"]
[Result "1-0"]
[WhiteElo "2377"]
[BlackElo "1732"]
[Annotator "NA"]
[PlyCount "71"]
[EventDate "2020.07.09"]
[EventType "swiss (blitz)"]

1. Nf3 {[%emt 0:00:01]} e6 {[%emt 0:00:00]} 2. e3 {[%emt 0:00:00]} d5 {[%emt 0:00:01]} 3. c4 {[%emt 0:00:00]} c6 {[%emt 0:00:01]} 4. Nc3 {[%emt 0:00:02]} f5 {[%emt 0:00:01]} 5. d4 {[%emt 0:00:00]} Nf6 {[%emt 0:00:02]} 6. Rb1 {[%emt 0:00:01]} Bd6 {[%emt 0:00:01]} 7. Bd2 {[%emt 0:00:00]} O-O {[%emt 0:00:01]} 8. b4 {[%emt 0:00:00]} Bd7 {[%emt 0:00:01]} 9. b5 {[%emt 0:00:01]} a6 {[%emt 0:00:02]} 10. a4 {[%emt 0:00:02]} axb5 {[%emt 0:00:02]} 11. axb5 {[%emt 0:00:00]} dxc4 {[%emt 0:00:02]} 12. Bxc4 {[%emt 0:00:01]} Qe7 {[%emt 0:00:01]} 13. O-O {[%emt 0:00:02]} Re8 {[%emt 0:00:05]} 14. Ne5 {[%emt 0:00:01]} Bxe5 {[%emt 0:00:01]} 15. dxe5 {[%emt 0:00:00]} Ne4 {[%emt 0:00:01]} 16. Nxe4 {[%emt 0:00:01]} fxe4 {[%emt 0:00:01]} 17. Qb3 {[%emt 0:00:03]} cxb5 {[%emt 0:00:03]} 18. Bxb5 {[%emt 0:00:04]} Bxb5 {[%emt 0:00:01]} 19. Qxb5 {[%emt 0:00:02]} Nc6 {[%emt 0:00:02]} 20. Qxb7 {[%emt 0:00:03]} Nxe5 {[%emt 0:00:01]} 21. Qxe7 {[%emt 0:00:02]} Rxe7 {[%emt 0:00:01]} 22. Bc3 {[%emt 0:00:01]} Nc4 {[%emt 0:00:01]} 23. Rfd1 {[%emt 0:00:04]} Rc7 {[%emt 0:00:01]} 24. Bd4 {[%emt 0:00:02]} Rac8 {[%emt 0:00:03]} 25. h4 {[%emt 0:00:02]} e5 {[%emt 0:00:01]} 26. Ba1 {[%emt 0:00:01]} Rc5 {[%emt 0:00:04]} 27. Kh2 {[%emt 0:00:01]} Kf7 {[%emt 0:00:01]} 28. Kg3 {[%emt 0:00:00]} Kg6 {[%emt 0:00:01]} 29. Rb7 {[%emt 0:00:02]} h6 {[%emt 0:00:01]} 30. Rdd7 {[%emt 0:00:01]} Rg8 {[%emt 0:00:02]} 31. h5+ {[%emt 0:00:01]} Kf6 {[%emt 0:00:02]} 32. Ra7 {[%emt 0:00:02]} g5 {[%emt 0:00:05]} 33. Ra6+ {[%emt 0:00:02]} Nb6 {[%emt 0:00:07]} 34. Rxb6+ {[%emt 0:00:01]} Rc6 {[%emt 0:00:01]} 35. Rxc6+ {[%emt 0:00:01]} Kf5 {[%emt 0:00:02]} 36. Rf7# {[%emt 0:00:01] (Lag: Av=0.30s, max=0.5s)} 1-0

[Event "Stay Safe Play From Home 289"]
[Site "Emanuel Lasker Arena"]
[Date "2020.07.09"]
[Round "1"]
[White "Fischer_11"]
[Black "Mepe_Nika"]
[Result "0-1"]
[WhiteElo "2037"]
[BlackElo "2382"]
[Annotator "NA"]
[PlyCount "70"]
[EventDate "2020.07.09"]
[EventType "swiss (blitz)"]

1. e4 {[%emt 0:00:15]} e5 {[%emt 0:00:01]} 2. Bc4 {[%emt 0:00:02]} Nf6 {[%emt 0:00:01]} 3. Nc3 {[%emt 0:00:00]} Bc5 {[%emt 0:00:03]} 4. d3 {[%emt 0:00:01]} d6 {[%emt 0:00:01]} 5. f4 {[%emt 0:00:00]} Nc6 {[%emt 0:00:02]} 6. Nf3 {[%emt 0:00:00]} exf4 {[%emt 0:00:01]} 7. Bxf4 {[%emt 0:00:02]} O-O {[%emt 0:00:01]} 8. d4 {[%emt 0:00:01]} Bb4 {[%emt 0:00:03]} 9. O-O {[%emt 0:00:00]} Bxc3 {[%emt 0:00:03]} 10. bxc3 {[%emt 0:00:00]} Nxe4 {[%emt 0:00:01]} 11. Bd3 {[%emt 0:00:01]} d5 {[%emt 0:00:01]} 12. c4 {[%emt 0:00:01]} Be6 {[%emt 0:00:02]} 13. cxd5 {[%emt 0:00:01]} Bxd5 {[%emt 0:00:00]} 14. c4 {[%emt 0:00:00]} Nc3 {[%emt 0:00:10]} 15. Qc2 {[%emt 0:00:03]} Bxf3 {[%emt 0:00:02]} 16. gxf3 {[%emt 0:00:03]} Nxd4 {[%emt 0:00:02]} 17. Qxc3 {[%emt 0:00:02]} c5 {[%emt 0:00:00]} 18. Be4 {[%emt 0:00:02]} Qf6 {[%emt 0:00:01]} 19. Be3 {[%emt 0:00:02]} Ne2+ {[%emt 0:00:01]} 20. Kf2 {[%emt 0:00:03]} Nxc3 {[%emt 0:00:01]} 21. Kg2 {[%emt 0:00:04]} Nxe4 {[%emt 0:00:03]} 22. fxe4 {[%emt 0:00:00]} Qg6+ {[%emt 0:00:01]} 23. Kh1 {[%emt 0:00:01]} Qxe4+ {[%emt 0:00:01]} 24. Kg1 {[%emt 0:00:03]} Qxe3+ {[%emt 0:00:01]} 25. Rf2 {[%emt 0:00:00]} Rad8 {[%emt 0:00:01]} 26. Re1 {[%emt 0:00:00]} Qxe1+ {[%emt 0:00:01]} 27. Kg2 {[%emt 0:00:00]} Rd2 {[%emt 0:00:01]} 28. Rxd2 {[%emt 0:00:02]} Qxd2+ {[%emt 0:00:00]} 29. Kg3 {[%emt 0:00:01]} Qxa2 {[%emt 0:00:00]} 30. h3 {[%emt 0:00:00]} Qxc4 {[%emt 0:00:00]} 31. h4 {[%emt 0:00:00]} h5 {[%emt 0:00:01]} 32. Kh3 {[%emt 0:00:01]} Qd3+ {[%emt 0:00:01]} 33. Kh2 {[%emt 0:00:01]} Re8 {[%emt 0:00:00]} 34. Kg2 {[%emt 0:00:00]} Re2+ {[%emt 0:00:00]} 35. Kh1 {[%emt 0:00:00]} Qd1# {[%emt 0:00:00] (Lag: Av=0.41s, max=1.2s)} 0-1

[Event "Stay Safe Play From Home 289"]
[Site "Emanuel Lasker Arena"]
[Date "2020.07.09"]
[Round "1"]
[White "Bardellosport"]
[Black "Justwatch"]
[Result "1-0"]
[WhiteElo "1959"]
[BlackElo "1691"]
[Annotator "TA"]
[PlyCount "131"]
[EventDate "2020.07.09"]
[EventType "swiss (blitz)"]

{[%evp 9,131,-30,-29,-38,0,-16,8,-66,-30,-61,-19,-10,-11,-55,-53,-66,-27,-62,-14,-50,6,0,0,-38,10,-14,32,24,42,32,122,119,255,248,219,106,262,258,306,312,422,138,398,326,318,143,574,573,770,570,561,545,489,108,108,108,108,66,66,25,41,41,414,414,510,510,1414,1328,1868,1705,29979,414,414,340,1875,850,1760,1718,1887,1811,2126,1975,1901,891,29981,29982,29983,29983,29983,29983,29984,29985,29985,29985,29986,29983,29983,29984,29984,29983,29983,29984,29984,29985,29987,29985,29985,29986,29986,29987,29987,29988,29992,29993,29994,29994,29995,29993,29994,29992,29992,29993,29993,29993]} 1. d4 Nf6 2. e3 g6 3. f4 Bg7 4. Nf3 O-O 5. Bc4 d6 {[#]} 6. Qe2 $146 {A45: Trompowsky Attack.} ({Predecessor:} 6. O-O Nbd7 7. Qe1 c5 8. c3 e6 9. Nbd2 b6 10. Qg3 Bb7 11. Ng5 Qe7 12. b3 h6 13. Ngf3 {0-1 (31) Skvortsov,A (2076)-Timerkhanov,A (2367) Kirov 2018}) 6... Bg4 7. O-O Bxf3 8. gxf3 ({White should try} 8. Qxf3 $11 d5 9. Be2) 8... Nc6 9. Bd3 a6 10. c3 e6 11. Qg2 Ne7 12. Nd2 Nfd5 13. Ne4 Nf5 (13... c5 $5) 14. Re1 Nh4 (14... c5 $15) 15. Qg3 (15. Qh3 {looks sharper.} Bh6 16. Nf2 Rc8 17. Ng4 Bg7 18. e4) 15... Nf5 16. Qg2 b5 (16... c5 {keeps more tension.} 17. dxc5 dxc5 18. Bc2 Qc7 19. Ng5 Nfe7) 17. Ng3 (17. Nf2 {with more complications.} Nf6 18. a4 Rb8 19. Qh3 Nh5 20. Ne4) 17... Nxg3 (17... Nh4 {feels hotter.} 18. Qf2 Nb6 19. e4 f5 20. Be3 Rc8) 18. hxg3 Ne7 19. e4 d5 (19... c5 $14) 20. e5 $16 Nf5 (20... Qd7 $16) 21. g4 $18 Ne7 {[#]} 22. Rf1 (22. f5 $1 $18 {[%mdl 512] and White stays clearly on top.}) 22... Nc6 $2 (22... c5 $16 {was necessary.}) 23. f5 Qh4 24. f6 Bh8 25. g5 $2 (25. f4 $18) 25... b4 $2 {[%mdl 8192]} (25... Nxd4 $16 26. Be3 Nf5) 26. Bd2 bxc3 27. Bxc3 (27. bxc3 $18 {and the rest is easy. And now f4 would win.} Rfb8 28. Be3) 27... Rab8 $2 {[%mdl 8192]} (27... Qf4 $16 {is a better chance.}) 28. f4 Nb4 29. Be2 Nc2 30. Rac1 Ne3 31. Qh2 $2 (31. Qf3 $18 Nf5 32. Be1 {[%mdl 64] Discovered Attack} Nxd4 33. Bxh4 Nxf3+ 34. Bxf3) 31... Qxh2+ $16 32. Kxh2 Nxf1+ 33. Rxf1 {[#]} a5 $1 {[%cal Ba6a5,Ba5a4][%mdl 32]} 34. a3 {[%cal Ba2a3,Ba3b4,Bb4b5][%mdl 32]} (34. b3 $5 {[%cal Rc3a5]}) (34. Bxa5 Rxb2) 34... a4 35. Bb4 Rxb4 $4 {[%mdl 8192] Black is now going downhill.} ({Better is} 35... Rfc8 $14) 36. axb4 $14 {[%mdl 4096] Endgame KRB-KRB} Rb8 37. b5 Ra8 (37... Bg7 $142 38. fxg7 Kxg7) 38. Rc1 $18 a3 39. bxa3 Rxa3 40. Re1 (40. b6 $142 Ra8 41. Rxc7 h5 42. b7 Rf8 {[#]} 43. Rc8 $1 {[%mdl 512]} Bg7 44. fxg7 {[%mdl 64] Pin} Rxc8 45. bxc8=Q+ Kxg7 46. Kg3) 40... Rc3 41. Kg2 Kf8 $2 (41... Bg7 42. fxg7 c6 43. bxc6 Rxc6) 42. Kf2 (42. Ra1 $142 Bxf6 43. exf6) 42... Ke8 43. Ra1 Kd7 44. Ra8 Bxf6 45. gxf6 {KRB-KR} Rc2 46. Ra7 (46. Rf8 $142 h6 47. Rxf7+ Ke8 48. Re7+ Kf8 49. Rxe6) 46... h5 47. b6 {White mates.} Rc3 48. Rxc7+ Rxc7 49. bxc7 Kxc7 {KB-KP} 50. Kg3 Kb6 51. Kh4 Ka5 {[#]} 52. Bxh5 $1 gxh5 53. Kxh5 {KP-KP} Kb4 54. Kh6 Kc4 55. Kg7 Kxd4 56. Kxf7 {K3P-KPP} Ke4 57. Ke7 d4 58. f7 d3 59. f8=Q d2 60. Qd8 d1=Q 61. Qxd1 Kxf4 62. Qe1 Kf5 63. Qf1+ Kxe5 64. Qf6+ Kd5 65. Qxe6+ Kd4 66. Kd7 {Accuracy: White = 56%, Black = 31%.} 1-0

[Event "Stay Safe Play From Home 289"]
[Site "Emanuel Lasker Arena"]
[Date "2020.07.09"]
[Round "1"]
[White "Trotsky"]
[Black "Lamborghini"]
[Result "0-1"]
[WhiteElo "1600"]
[BlackElo "2183"]
[Annotator "TA"]
[PlyCount "48"]
[EventDate "2020.07.09"]
[EventType "swiss (blitz)"]

{[%evp 9,48,-16,-6,-52,-59,-44,-43,-49,-50,-44,243,243,244,130,174,180,154,56,56,41,23,-375,-374,-968,-963,-923,-905,-952,-911,-1085,-1081,-1350,-1009,-1395,-1359,-1716,-966,-1066,-1012,-1320,-914]} 1. d4 d5 2. e3 c6 3. c4 Nf6 4. Nc3 Bf5 5. c5 e5 6. f3 {D10: Slav Defence: 3 cxd5 (without early Nf3) and 3 Nc3.} exd4 7. exd4 {[#]} Be7 $146 ({Predecessor:} 7... h6 8. Bd3 Bxd3 9. Qxd3 Be7 10. Nge2 Nbd7 11. O-O O-O 12. Bf4 b6 13. b4 b5 {½-½ (62) Hrlec,M (1630)-Rozic,L (1522) Sibenik 2010}) 8. Be3 {Black is slightly better.} O-O 9. Bd3 b6 $2 {[%mdl 8192]} (9... Bxd3 $15 {stays ahead.} 10. Qxd3 b6) 10. Bxf5 $18 bxc5 11. Qc2 ({White should try} 11. dxc5 $18 {Strongly threatening Nge2.} Na6 12. Nge2) 11... cxd4 12. Bxd4 g6 13. h4 ({White should play} 13. Bh3 $16) 13... gxf5 $14 14. Qxf5 c5 15. Nh3 $2 {[%mdl 8192]} ({Don't play} 15. Qg5+ Kh8 $17) (15. Bxf6 $11 {and White is okay.} Bxf6 16. Nge2 (16. Nxd5 Re8+ 17. Ne2 Bxb2 $11)) 15... cxd4 $19 16. Ng5 $2 (16. Ne2) 16... dxc3 {Black is clearly winning.} 17. bxc3 Qc8 18. Qc2 {[#]} d4 $1 19. c4 {[#]} (19. cxd4 Qxc2) 19... d3 $1 20. Qxd3 Rd8 21. Qc2 Bb4+ 22. Kf1 Nbd7 {aiming for ...Ne5.} 23. Rd1 Qc5 24. g4 Rac8 {Accuracy: White = 21%, Black = 70%.} 0-1

[Event "Stay Safe Play From Home 289"]
[Site "Emanuel Lasker Arena"]
[Date "2020.07.09"]
[Round "2"]
[White "Eidgenosse"]
[Black "Bardellosport"]
[Result "1-0"]
[WhiteElo "2378"]
[BlackElo "1965"]
[Annotator "TA"]
[PlyCount "79"]
[EventDate "2020.07.09"]
[EventType "swiss (blitz)"]

{[%evp 10,78,35,13,14,-8,7,-8,-7,4,35,39,57,4,62,-16,-6,-423,-422,-408,-399,-402,-381,-441,-246,-266,-200,-302,-302,-289,-215,-223,-166,-194,-177,-267,135,164,139,108,341,141,470,458,406,377,430,429,426,267,595,452,516,482,440,423,416,364,420,277,690,696,621,662,5281,335,420,0,3013,770,29999]} 1. Nf3 d5 2. e3 c6 3. c4 e6 4. Nc3 f5 5. d4 Nf6 6. Bd2 Bd6 {A85: Dutch Defence: 2 c4 Nf6 3 Nc3.} 7. Rb1 O-O 8. b4 {[#]} Qe7 $146 {The position is equal.} ({Predecessor:} 8... Nbd7 9. c5 Bc7 10. b5 Ne4 11. bxc6 bxc6 12. Qa4 Nxd2 13. Kxd2 Nf6 14. Kc2 Ne4 {0-1 (25) Petkov,V (2490)-Milchev,N (2382) Plovdiv 2010}) 9. b5 Bc7 10. Be2 Ne4 11. Ne5 (11. Qc2 $14) 11... Nd7 (11... Nxd2 $11 12. Qxd2 Bxe5 13. dxe5 dxc4) 12. Nxd7 ({Better is} 12. Nxe4 $14 fxe4 13. bxc6 Nxe5 14. cxb7 Bxb7 15. Rxb7 Nxc4 16. Bxc4 dxc4 17. Bb4) 12... Bxd7 13. f4 $2 {[%mdl 8192]} (13. bxc6 $11 Nxd2 14. Qxd2 Bxc6 15. cxd5 exd5 16. g3) 13... Qh4+ $19 14. g3 {[#]} Nxg3 $1 {[%mdl 512]} 15. hxg3 Qxh1+ 16. Kf2 Qxd1 (16... Qh2+ $142 17. Kf1 dxc4) 17. Rxd1 dxc4 18. Bxc4 (18. bxc6 $142 Bxc6 19. Bxc4) 18... cxb5 19. Nxb5 Bxb5 20. Bxb5 Bd6 21. Bc4 Kf7 22. g4 (22. d5 $142) 22... Rh8 $2 ({Black should play} 22... Rac8 $19 23. Bb3 fxg4) 23. gxf5 $16 Ke7 24. fxe6 Rhb8 $2 (24... Rac8 $16 25. Bb3 Rcf8) 25. Bb3 (25. e4 $18 {is more deadly.}) 25... b5 $2 {[%mdl 8192]} (25... Rf8 $16) 26. e4 $18 a5 27. Bd5 Ra7 28. e5 Ba3 29. Ke3 b4 $2 (29... g6 {is a better chance.} 30. f5 gxf5) 30. Ke4 a4 31. f5 b3 32. axb3 axb3 33. Bg5+ Ke8 34. f6 {[#] Hoping for Bc6+.} gxf6 $2 (34... Rb6 35. e7 gxf6 36. exf6 Bxe7) 35. exf6 b2 36. f7+ Kf8 {If Black can now play ...Kg7 this consolidates a bit.} 37. Bh6+ (37. Rg1 $142 {Ke5 would kill now.} Rxf7 38. exf7) 37... Ke7 {Threatening ...Kf6.} 38. Bg5+ (38. Rf1 $142 Rf8 39. Bg5+ Kd6 40. Bf4+ Ke7 41. Bh6) 38... Kf8 {and the idea ...Kg7 leaves Black hopeful.} 39. Rb1 (39. Rg1 $142 h6 40. Bxh6+ Ke7 41. Bg5+ Kd6 42. Bf4+ {[%mdl 64] Skewer} Ke7 43. Bxb8) 39... Be7 40. Bh6# {Accuracy: White = 33%, Black = 34%.} 1-0

[Event "Stay Safe Play From Home 289"]
[Site "Emanuel Lasker Arena"]
[Date "2020.07.09"]
[Round "2"]
[White "SoulofWolf"]
[Black "Trotsky"]
[Result "1-0"]
[WhiteElo "2283"]
[BlackElo "1599"]
[Annotator "TA"]
[PlyCount "45"]
[EventDate "2020.07.09"]
[EventType "swiss (blitz)"]

{[%evp 9,45,-25,56,49,181,86,125,142,138,125,136,131,181,58,70,42,265,277,271,150,358,356,352,347,374,282,292,258,325,324,2357,2272,2191,2164,1987,2026,29997,29991]} 1. c4 c5 2. e3 e6 3. Nf3 d5 4. b3 Nc6 5. Bb2 Qc7 ({Black should play} 5... d4 $11) 6. Nc3 {[#] A30: Symmetrical English: Double Fianchetto and Hedgehog.} f6 $146 (6... dxc4 $14 7. Bxc4 Nf6) ({Predecessor:} 6... Nf6 7. Be2 Be7 8. O-O O-O 9. Rc1 b6 10. cxd5 exd5 11. d4 cxd4 12. Nxd4 Nxd4 13. Qxd4 {1-0 (29) Galmandakh,B (2213)-Sukhbold,Y (1877) Ulaanbaatar 2016}) 7. Nb5 (7. cxd5 $18 {is more deadly.} exd5 8. Nxd5) 7... Qb8 8. cxd5 {White is better.} exd5 9. Be2 a6 10. Nc3 Bd6 11. O-O ({White should try} 11. Nxd5 $18 {Strongly threatening d4.} b6 12. d4) 11... Be6 12. d4 Qc7 $2 (12... cxd4 $1 $14 13. Nxd4 Nxd4 14. exd4 Ne7) 13. dxc5 $18 Bxc5 14. Rc1 (14. Nxd5 $18 Qf7 15. Nf4) 14... Bd6 $2 (14... Rd8 $16 15. Nb5 Qb6) 15. Nxd5 Bxd5 16. Qxd5 O-O-O {[#] Hoping for ...Bxh2+!} 17. Qe6+ Kb8 18. Nd4 h5 19. Bf3 Nh6 $2 (19... Nge7 20. Qf7 Rc8) 20. Nxc6+ bxc6 21. Rxc6 {[%mdl 64] Double Attack} Bxh2+ {[#]} 22. Kh1 $1 {Threatening mate with Rb6+.} Qa7 23. Rxa6 {Accuracy: White = 47%, Black = 24%.} 1-0

[Event "Stay Safe Play From Home 289"]
[Site "Emanuel Lasker Arena"]
[Date "2020.07.09"]
[Round "2"]
[White "Lamborghini"]
[Black "Mepe_Nika"]
[Result "1-0"]
[WhiteElo "2184"]
[BlackElo "2386"]
[Annotator "TA"]
[PlyCount "99"]
[EventDate "2020.07.09"]
[EventType "swiss (blitz)"]

{[%evp 11,98,31,56,38,71,41,64,73,81,42,65,71,148,124,123,121,352,336,369,357,471,225,351,341,771,757,730,723,29986,771,1165,1163,1077,700,720,710,693,685,704,691,677,618,629,616,720,711,748,735,754,722,898,897,951,865,970,948,1498,1497,1345,1347,1512,1463,2058,1308,1308,1220,12826,11885,12822,12818,29959,-1596,29988,29989,29991,29992,29992,29993,29993,29994,29995,29996,29996,29997,29997,29998,29998,29999,29999]} 1. e4 g6 2. Nf3 Bg7 3. d4 d6 4. Nc3 Nf6 5. Bg5 O-O 6. Qd2 Bg4 7. O-O-O {B08: Pirc Defence: Classical System.} a6 8. Bh6 b5 9. Bxg7 {White is slightly better.} Kxg7 {[#]} 10. Qe3 $146 ({Predecessor:} 10. Qf4 Qc8 11. e5 Nh5 12. Qe4 Ra7 13. h3 Bxf3 14. Qxf3 Kg8 15. g4 Ng7 16. h4 {½-½ (43) Gallagher,J (2515)-Reilly,T (2315) London 1993}) 10... Nbd7 11. e5 {Hoping for h3.} Ne8 {White stays focused until the end.} (11... Ng8 $142) 12. Be2 e6 13. h4 $36 {[%mdl 2048] White is in control.} h5 $2 (13... Bxf3 $16 14. Bxf3 d5) 14. Ng5 $1 $18 Bxe2 15. Nxe2 ({Weaker is} 15. Qxe2 b4 $14) 15... c5 {[#]} 16. Nf4 (16. g4 $142 $1 {[%mdl 512]}) 16... cxd4 (16... Qe7 {was worth a try.} 17. d5 exd5) 17. Rxd4 ({Not} 17. Qxd4 Kg8 $18) 17... dxe5 $2 {[#]} (17... Kg8) 18. Nfxe6+ $1 {[%mdl 512]} fxe6 19. Nxe6+ {[%mdl 64] Double Attack} Kh7 {[#]} 20. Nxd8 (20. Rxd7+ $142 $1 {[%mdl 512]} Qxd7 21. Nxf8+ Kg8 22. Nxd7 Rd8 23. Qb3+ Kg7 24. Nxe5 Kh7 25. Qf7+ Ng7 26. Rh3) 20... exd4 21. Qe7+ {[%mdl 64] Double Attack} Kg8 22. Ne6 Rf7 23. Qg5 Ng7 24. Qxg6 {And now Ng5 would win.} Nf8 25. Nxf8 $1 Raxf8 26. f3 Rf6 27. Qe4 Re6 28. Qxd4 Rfe8 29. Rd1 Kf7 30. g4 R8e7 31. g5 Nf5 32. Qf4 Kg6 33. b3 Re1 34. Rxe1 Rxe1+ {[%mdl 4096] Endgame KQ-KRN} 35. Kb2 Re7 36. Qb8 Re6 37. Qg8+ {[%mdl 64] Double Attack} Ng7 38. Qc8 Kf5 {[#]} 39. f4 $1 Ne8 (39... Kxf4 40. Qc7+) 40. Qd7 Nd6 {[#]} 41. Qc6 $4 {[%mdl 8192] [#]} (41. g6 $1 Ne8 (41... Kxg6 42. Qxe6+) 42. Qf7+ Nf6 43. g7 Re8 44. Qxe8 $1 {[%mdl 576] Remove Defender, Deflection, Promotion} Nxe8 45. g8=Q Nf6 46. Qc8+ {[%mdl 64] Double Attack} Kxf4 47. Qxa6 {[%mdl 64] Double Attack}) 41... Ne4 $4 {[%mdl 8192]} (41... Nc4+ $1 $19 {[%mdl 512]} 42. Qxc4 (42. bxc4 Rxc6) 42... bxc4) 42. Qd5+ {White mates.} Kg4 43. Qxe6+ {[%mdl 64] Double Attack} Kxf4 44. g6 Nc5 45. Qf7+ Kg4 46. g7 Ne6 47. g8=Q+ Ng5 48. Qxg5+ {[%mdl 64] Double Attack} Kh3 49. Qf3+ Kh2 50. Qgg2# {Accuracy: White = 66%, Black = 26%.} 1-0

[Event "Stay Safe Play From Home 289"]
[Site "Emanuel Lasker Arena"]
[Date "2020.07.09"]
[Round "2"]
[White "Haris kollari 13"]
[Black "AChessPlayer"]
[Result "0-1"]
[WhiteElo "1732"]
[BlackElo "2409"]
[Annotator "NA"]
[PlyCount "70"]
[EventDate "2020.07.09"]
[EventType "swiss (blitz)"]

1. e4 {[%emt 0:00:01]} c6 {[%emt 0:00:01]} 2. f4 {[%emt 0:00:01]} d5 {[%emt 0:00:00]} 3. e5 {[%emt 0:00:00]} c5 {[%emt 0:00:00]} 4. Nf3 {[%emt 0:00:00]} Nc6 {[%emt 0:00:00]} 5. c3 {[%emt 0:00:00]} Bg4 {[%emt 0:00:00]} 6. Be2 {[%emt 0:00:01]} d4 {[%emt 0:00:01]} 7. d3 {[%emt 0:00:02]} Bxf3 {[%emt 0:00:01]} 8. Bxf3 {[%emt 0:00:02]} e6 {[%emt 0:00:00]} 9. c4 {[%emt 0:00:01]} g6 {[%emt 0:00:03]} 10. Bxc6+ {[%emt 0:00:02]} bxc6 {[%emt 0:00:02]} 11. Nd2 {[%emt 0:00:00]} h5 {[%emt 0:00:01]} 12. Qf3 {[%emt 0:00:01]} Be7 {[%emt 0:00:00]} 13. Qxc6+ {[%emt 0:00:02]} Kf8 {[%emt 0:00:00]} 14. Ne4 {[%emt 0:00:01]} Rc8 {[%emt 0:00:03]} 15. Qa4 {[%emt 0:00:01]} Nh6 {[%emt 0:00:01]} 16. h3 {[%emt 0:00:02]} Bh4+ {[%emt 0:00:01]} 17. g3 {[%emt 0:00:02]} Be7 {[%emt 0:00:06]} 18. O-O {[%emt 0:00:01]} Nf5 {[%emt 0:00:00]} 19. Kg2 {[%emt 0:00:01]} Rg8 {[%emt 0:00:02]} 20. Bd2 {[%emt 0:00:02]} Rh8 {[%emt 0:00:02]} 21. h4 {[%emt 0:00:01]} Kg7 {[%emt 0:00:01]} 22. b4 {[%emt 0:00:06]} cxb4 {[%emt 0:00:02]} 23. Qa5 {[%emt 0:00:02]} Qxa5 {[%emt 0:00:02]} 24. a3 {[%emt 0:00:03]} Qa4 {[%emt 0:00:02]} 25. axb4 {[%emt 0:00:01]} Qc2 {[%emt 0:00:00]} 26. Rf2 {[%emt 0:00:01]} Qxd3 {[%emt 0:00:02]} 27. c5 {[%emt 0:00:02]} Qxe4+ {[%emt 0:00:01]} 28. Kh3 {[%emt 0:00:01]} Ne3 {[%emt 0:00:02]} 29. Bxe3 {[%emt 0:00:01]} dxe3 {[%emt 0:00:00]} 30. Re2 {[%emt 0:00:01]} Rhd8 {[%emt 0:00:02]} 31. Rae1 {[%emt 0:00:01]} Qf5+ {[%emt 0:00:01]} 32. Kg2 {[%emt 0:00:01]} Rd2 {[%emt 0:00:00]} 33. Kf1 {[%emt 0:00:04]} Qh3+ {[%emt 0:00:01]} 34. Kg1 {[%emt 0:00:03]} Rcd8 {[%emt 0:00:00]} 35. Rxe3 {[%emt 0:00:02]} Qg2# {[%emt 0:00:02] (Lag: Av=0.74s, max=1.6s)} 0-1

[Event "Stay Safe Play From Home 289"]
[Site "Emanuel Lasker Arena"]
[Date "2020.07.09"]
[Round "2"]
[White "Justwatch"]
[Black "Fischer_11"]
[Result "0-1"]
[WhiteElo "1685"]
[BlackElo "2033"]
[Annotator "NA"]
[PlyCount "26"]
[EventDate "2020.07.09"]
[EventType "swiss (blitz)"]

1. e4 {[%emt 0:00:01]} Nf6 {[%emt 0:00:01]} 2. Bc4 {[%emt 0:00:01]} Nxe4 {[%emt 0:00:01]} 3. Bxf7+ {[%emt 0:00:00]} Kxf7 {[%emt 0:00:00]} 4. Qh5+ {[%emt 0:00:01]} g6 {[%emt 0:00:01]} 5. Qd5+ {[%emt 0:00:00]} e6 {[%emt 0:00:01]} 6. Qxe4 {[%emt 0:00:00]} d5 {[%emt 0:00:00]} 7. Nf3 {[%emt 0:00:01]} Bg7 {[%emt 0:00:00]} 8. Qe3 {[%emt 0:00:02]} Qf6 {[%emt 0:00:01]} 9. Ng5+ {[%emt 0:00:01]} Kg8 {[%emt 0:00:02]} 10. Nc3 {[%emt 0:00:02]} h6 {[%emt 0:00:01]} 11. Nf3 {[%emt 0:00:01]} d4 {[%emt 0:00:02]} 12. Nxd4 {[%emt 0:00:01]} Qxd4 {[%emt 0:00:01]} 13. Qxd4 {[%emt 0:00:00]} Bxd4 {[%emt 0:00:01] Justwatch terk eder (Lag: Av=0.33s, max=0.6s)} 0-1

[Event "Stay Safe Play From Home 289"]
[Site "Emanuel Lasker Arena"]
[Date "2020.07.09"]
[Round "3"]
[White "Mepe_Nika"]
[Black "SoulofWolf"]
[Result "1-0"]
[WhiteElo "2360"]
[BlackElo "2284"]
[Annotator "TA"]
[PlyCount "43"]
[EventDate "2020.07.09"]
[EventType "swiss (blitz)"]

{[%evp 10,43,1,-3,35,9,77,-9,39,0,28,-11,13,10,47,0,95,0,101,47,53,66,34,116,706,708,647,613,29990,29991,29993,29993,29993,29994,29998,29999]} 1. d4 c5 2. c3 e6 3. Bf4 Nf6 4. e3 d5 5. Nd2 Nc6 6. Ngf3 g6 {D02: 1 d4 d5 2 Nf3 sidelines, including 2...Nf6 3 g3 and 2...Nf6 3 Bf4.} 7. Bd3 {[#]} Bg7 $146 (7... Nh5 $11 {keeps the balance.}) ({Predecessor:} 7... cxd4 8. exd4 Bg7 9. O-O O-O 10. h3 b6 11. Re1 Bb7 12. Ne5 Nh5 13. Nxc6 Bxc6 14. Bh2 {1-0 (33) Asikoglu,E (1701)-Gursu,S (1245) Konya 2019}) 8. Ne5 (8. dxc5 $16 O-O 9. O-O) 8... O-O {The position is equal.} 9. h4 Qb6 10. Rb1 h5 11. Ndf3 a5 12. Ng5 a4 (12... Nxe5 $11 13. Bxe5 Ng4) 13. a3 (13. Nexf7 $16 Rxf7 14. Bxg6) 13... Qa7 (13... Nxe5 $11 14. Bxe5 Ng4) 14. Qf3 ({White should try} 14. Nexf7 $16 Rxf7 15. Bxg6) 14... Ne7 $14 15. g4 hxg4 $1 16. Nxg4 (16. Qg2 $14) 16... Nf5 $2 {[%mdl 8192] [#] Black cannot hold the game after this.} (16... Nxg4 $16 17. Bd6 {[%mdl 64] Double Attack} cxd4 18. cxd4 (18. Qxg4 e5 $11) (18. exd4 b6 $11) 18... e5 19. Bxe7 Bd7) 17. Nxf6+ $18 Bxf6 18. h5 Kg7 19. hxg6 {White mates.} fxg6 20. Rh7+ Kg8 21. Qh3 Qb6 {[#]} 22. Rh8+ $1 {[%mdl 576] Clearance. Accuracy: White = 48%, Black = 26%.} 1-0